5. Generation Pokemon in Deutsch - Statistiken

Allgemein
  • Dieses Quiz wurde 3.349 mal gespielt
  • Das Durchschnittsergebnis liegt bei 92 aus 156
Antwortstatistiken
Hint Antwort % Korrekt
495 Serpifeu
96%
498 Floink
94%
501 Ottaro
94%
497 Serpiroyal
93%
644 Zekrom
92%
643 Reshiram
91%
503 Admurai
90%
500 Flambirex
89%
494 Victini
88%
499 Ferkokel
87%
496 Efoserp
84%
646 Kyurem
84%
515 Sodamak
81%
511 Vegimak
81%
502 Zwottronin
81%
519 Dusselgurr
80%
505 Kukmarda
80%
512 Vegichita
80%
513 Grillmak
79%
504 Nagelotz
79%
516 Sodachita
79%
514 Grillchita
78%
506 Yorkleff
78%
508 Bissbark
77%
638 Kobalium
77%
639 Terrakium
77%
640 Viridium
76%
612 Maxax
75%
507 Terribark
75%
521 Fasasnob
74%
610 Milza
74%
520 Navitaub
73%
523 Zebritz
73%
642 Voltolos
72%
641 Boreos
70%
510 Kleoparda
70%
522 Elezeba
69%
647 Keldeo
69%
553 Rabigator
69%
634 Duodino
68%
509 Felilou
68%
649 Genesect
68%
524 Kiesling
68%
635 Trikephalo
68%
645 Demeteros
67%
551 Ganovil
67%
611 Sharfax
67%
518 Somnivora
67%
607 Lichtel
66%
648 Meloetta
66%
544 Rollum
66%
517 Somniam
66%
530 Stalobor
66%
587 Emolga
64%
539 Karadonis
64%
529 Rotomurf
64%
525 Sedimantur
64%
526 Brockoloss
63%
545 Cerapendra
63%
633 Kapuno
63%
534 Meistagrif
63%
532 Praktibalk
63%
540 Strawickl
63%
542 Matrifol
62%
552 Rokkaiman
62%
599 Klikk
61%
609 Skelabra
61%
543 Toxiped
61%
537 Branawarz
60%
555 Flampivian
60%
563 Echnatoll
59%
613 Petznief
59%
614 Siberio
59%
533 Strepoli
59%
554 Flampion
58%
527 Fleknoil
58%
535 Schallquap
58%
621 Shardrago
58%
570 Zorua
58%
579 Zytomega
58%
538 Jiutesto
57%
536 Mebrana
57%
576 Morbitesse
57%
531 Ohrdoch
57%
637 Ramoth
57%
581 Swaroness
57%
541 Folikon
56%
608 Laternecto
56%
562 Makabaja
55%
571 Zoroark
55%
577 Monozyto
54%
528 Fletiamo
53%
601 Klikdiklak
53%
580 Piccolente
53%
596 Voltula
53%
595 Wattzapf
53%
574 Mollimorba
52%
561 Symvolara
52%
604 Zapplarang
52%
550 Barschuft
51%
585 Sesokitz
51%
593 Apoquallyp
50%
582 Gelatini
50%
575 Hypnomorba
50%
636 Ignivor
50%
592 Quabbel
50%
602 Zapplardin
50%
615 Frigometri
49%
564 Galapaflos
48%
623 Golgantes
48%
628 Washakwil
48%
546 Waumboll
48%
625 Caesurio
47%
566 Flapteryx
47%
584 Gelatwino
47%
586 Kronjuwild
47%
556 Maracamba
47%
567 Aeropteryx
46%
547 Elfun
46%
583 Gelatroppo
46%
627 Geronimatz
46%
622 Golbit
46%
616 Schnuthelm
46%
603 Zapplalek
46%
549 Dressella
45%
560 Irokex
45%
588 Laukaps
45%
568 Unratütox
45%
559 Zurrokex
45%
626 Bisofank
44%
589 Cavalanzas
44%
569 Deponitox
44%
565 Karippas
44%
548 Lilminip
44%
632 Fermicula
43%
631 Furnifraß
43%
624 Gladiantri
43%
617 Hydragil
43%
578 Mitodos
43%
630 Grypheldis
42%
572 Picochilla
42%
573 Chillabell
41%
597 Kastadur
41%
629 Skallyk
41%
598 Tentantel
41%
619 Lin-Fu
40%
591 Hutsassa
39%
557 Lithomith
39%
620 Wie-Shu
39%
558 Castellith
38%
618 Flunschlik
37%
590 Tarnpignon
37%
594 Mamolida
35%
606 Megalon
33%
605 Pygraulon
32%
600 Klikak
21%
Keine übereinstimmenden Quizze gefunden
Verteilung der Resultate
Anzahl Personen mit jedem Resultat
Perzentil nach korrekt beantworteten Fragen
Ihre Resultats-Entwicklung
Sie haben dieses Quiz noch nicht gespielt